| 000 | 00631nam a2200229Ia 4500 | ||
|---|---|---|---|
| 003 | OSt | ||
| 005 | 20230511140448.0 | ||
| 008 | 210423s2010 xx 000 0 und d | ||
| 020 | _a978-93-80472-08-9 | ||
| 040 | _cAL | ||
| 041 | _aeng | ||
| 082 | _a541.2242 VEET | ||
| 100 |
_aVEERGEESE (James) _9103037 |
||
| 245 | _aTextbook of coordination chemistry | ||
| 260 |
_aNew Delhi _bPacific Books International _c2010 |
||
| 300 |
_av,247p _bHB |
||
| 365 |
_b795 _cINR |
||
| 650 |
_aChemistry _9103038 |
||
| 650 |
_aPhysical & Theoretical Chemistry _9103039 |
||
| 906 | _achemistry ; coordination ; Textbook | ||
| 942 |
_2ddc _cBK |
||
| 999 |
_c165993 _d165993 |
||